| 000 | 01200cam a22003013a 4500 | ||
|---|---|---|---|
| 001 | 6133 | ||
| 003 | PGUSA | ||
| 005 | 20140828083128.0 | ||
| 008 | 040701s2004||||xxu|||||s|||||000 1 eng d | ||
| 040 |
_aPGUSA _beng |
||
| 042 | _adc | ||
| 050 | 4 | _aPQ | |
| 100 | 1 |
_aLeblanc, Maurice, _d1864-1941 |
|
| 245 | 1 | 4 |
_aThe Extraordinary Adventures of Arsene Lupin, Gentleman-Burglar _h[electronic resource] / _cMaurice Leblanc |
| 260 |
_bProject Gutenberg, _c2004 |
||
| 505 | 0 | _aThe arrest of Arsène Lupin -- Arsène Lupin in prison -- The escape of Arsène Lupin -- The mysterious traveller -- The queen's necklace -- The seven of hearts -- Madame Imbert's safe -- The black pearl -- Sherlock Holmes arrives too late. | |
| 506 | _aPublic domain in the USA. | ||
| 516 | _aElectronic text | ||
| 653 | _aMystery and detective stories | ||
| 653 | _aShort stories | ||
| 653 | _aAdventure stories, French -- Translations into English | ||
| 653 | _aLupin, Arsène (Fictitious character) -- Fiction | ||
| 653 | _aBurglars -- Fiction | ||
| 740 | 0 | _aArsène Lupin, gentleman-cambrioleur. English | |
| 830 | 0 |
_aProject Gutenberg _v6133 |
|
| 856 | 4 | 0 | _uhttp://www.gutenberg.org/ebooks/6133 |
| 942 | _cEB | ||
| 999 |
_c235461 _d235461 |
||